MARC

LEADER 00000nam0a2200000 4500
001 275637
005 20231101234838.0
020 |a RU  |b 85-101793 
035 |a (RuTPU)RU\TPU\book\298882 
090 |a 275637 
100 |a 20141115d1985 k y0rusy5003 ca 
101 0 |a rus 
102 |a RU 
105 |a a z 001zy 
200 1 |a Совершенствование технологии и механизации земляных и свайных работ  |e сборник научных трудов  |f Проектный, научно-исследовательский и конструкторский институт "Красноярский ПромстройНИИпроект" ; под ред. П. П. Упирова 
210 |a Красноярск  |c Изд-во ПромстройНИИпроект  |d 1985 
215 |a 63 с.  |c ил. 
320 |a Библиография в конце статей 
606 1 |a Земляные работы  |x Производство  |2 stltpush  |3 (RuTPU)RU\TPU\subj\11763  |9 38662 
606 1 |a Сваебойное оборудование  |2 stltpush  |3 (RuTPU)RU\TPU\subj\53876  |9 72040 
610 1 |a свайные работы 
610 1 |a оборудование 
610 1 |a механизация 
610 1 |a грунты 
610 1 |a Восточная Сибирь 
610 1 |a строительные машины 
610 1 |a мерзлые грунты 
610 1 |a резание 
610 1 |a надежность 
610 1 |a абразивное изнашивание 
675 |a 624.132  |z rus  |v 4 
675 |a 624.155  |z rus  |v 4 
702 1 |a Упиров  |b П. П.  |4 340 
712 0 2 |a Проектный, научно-исследовательский и конструкторский институт "Красноярский ПромстройНИИпроект"  |2 stltpush  |3 (RuTPU)RU\TPU\col\8109 
801 0 |a RU  |b RuMRKP  |c 19950704  |g psbo 
801 1 |a RU  |b 63413507  |c 20141115 
801 2 |a RU  |b 63413507  |c 20170330  |g RCR 
942 |c BK